000 00576nam a2200169 a 4500
008 120416s1976 ||||||||||||||||| || u
020 _a0023573902
050 _aTJ 265 Hua
100 _aHuang, Francis F
245 1 0 _aEngineering thermodynamics : fundamentals and applications /
260 _aNew York :
_bMacmillan
_c1976
300 _axxi, 535p. : ill.
350 _a0.00
650 0 _aPHYSICS
650 _aTHERMODYNAMICS
995 _D0.00
_FCBU-MAIN LIBRARY (Kitwe)
_H1
_I29.95
_UDAMAGED
_ZMain Library Open Access Collection
999 _c42000
_d42000